000 00446nam a22001697a 4500
005 20251108164144.0
008 250721s2002 xx 000 0 ara d
082 1 4 _a956.411/غوا
100 1 _aغوانمة، يوسف حسن
245 1 0 _aالقدس الشريف /
264 1 _aعمان :
_bدار الفكر،
_c2002.
300 _a293ص
650 1 7 _aالقدس
650 1 7 _aتاريخ فلسطين
942 _2ddc
_cBK
999 _c5014
_d5014